000 00292nam a22001337a 4500
008 170623b xxu||||| |||| 00| 0 eng d
020 _a9780252063114
041 _aeng
080 _a32
100 _a21
101 _aSHP
245 _aFROM OUTRAGE TO ACTION
_cWOLIVER,L.R
942 _2udc
_cBK
999 _c18891
_d18891